000
00315nam a22001457a 4500
020
_a
978-81-8267-896-5
082
_a
894.812.3
_b
CHA/S
100
_a
CHANDRAN, SUBASH
245
_a
SAMUDRASILA
260
_a
KOZHIKODE
_b
MATHRUBHUMI BOOKS
_c
2019
300
_a
304
520
_a
NOVEL
650
_a
NOVEL
942
_c
BK
999
_c
4851
_d
4851